000 00960nam a22002417a 4500
005 20150713130527.0
010 _aENG-113105
020 _a9789380574059
_c650.00
035 _aEN-96637
037 _bDBAD/PUB
082 _a634.920954
245 _aInstitutions, livelihood and natural resource management /
_cedited by Kailas Sarap
260 _aNew Delhi
_bBookwell
_c2010
270 _a3/79, Nirankari Colony,
_bNew Delhi
_e110009
300 _axix,295p. :
_c23cm(Hb)
_b1map
500 _a Includes bibliographical references.
520 _aPapers presented at the two seminars organized by P.G. Dept. of Economics, Sambalpur University.
650 _a Biodiversity conservation
_zIndia
_xCitizen participation
_vCongresses.
650 _aForest management
_zIndia
_xCitizen participation
_vCongresses.
650 _a Forest people
_xEcology
_z India
_vCongresses.
700 _aSarap, Kailas
942 _2ddc
_cEN
_mINS
_h634.920954
999 _c93695
_d93695